Name All NewJeans songs - Statistics

General Stats
  • This quiz has been taken 53 times
  • The average score is 16 of 26
Answer Stats
ALBUMS/SINGLES Answer % Correct
OMG Ditto
95%
OMG OMG
93%
1st EP "NewJeans" Attention
90%
1st EP "NewJeans" Hype Boy
90%
2nd EP "Get up" Super Shy
88%
ZERO Zero
88%
2nd EP "Get Up" Get UP
86%
HOW SWEET How Sweet
81%
1st EP "NewJeans" Hurt
81%
2nd EP "Get Up" New Jeans
81%
1st EP "NewJeans" Cookie
79%
2nd EP "Get Up" Cool With You
79%
League of Legends COLLAB GODS
79%
2nd EP "Get Up" ETA
76%
HOW SWEET Bubble Gum
71%
2nd EP "Get Up" ASAP
69%
A TIME CALLED BY YOU Beautiful Restriction
40%
My Demon Our night is more beautiful than your day
36%
COCA COLA COLLAB Be Who You Are
33%
NJWMX Ditto 250 Remix
26%
NJWMX Attention 250 Remix
24%
NJWMX Hype Boy 250 Remix
24%
NJWMX Hurt 250 Remix
21%
NJWMX Cookie FRNK Remix
17%
J.I.D REMIX COLLAB Zero J.I.D Remix
17%
NJWMX OMG FRNK Remix
14%
No matching quizzes found
Score Distribution
Percent of People with Each Score
Percentile by Number Answered
Your Score History
You have not taken this quiz